00419 2200157 4500001002100000005001500021035002000036245007600056100001500132300001200147260004600159082000800205084001400213020002200227990001200249INLIS00000000000249620250604112231 a0010-06250000821 aSuper Modul KSN Kebumian 3 :bBintang & Sistem Keplanetan /cNur Adilah0 aNur Adilah a229 hlm aJakarta :bPT. Jakarta Sains Media,c2022 a550 a550 NUR s a978-623-6111-28-4 a0754866